[Event "DVM U12w 2023"]
[Site "Magdeburg GER"]
[Date "2023.12.27"]
[Round "2"]
[White "Poberezhna, Anna"]
[Black "Piffczyk, Sandra"]
[Result "0-1"]
[Termination "normal"]
[Board "6.4"]
[WhiteElo "951"]
[BlackElo "1105"]
[WhiteClock "00:00:00"]
[BlackClock "00:50:20"]
[WhiteTeam "SC Strateg Stuttgart"]
[BlackTeam "SC Garching 1980"]
[PlyCount "61"]
[WhiteFideId "34644920"]
[BlackFideId "34630309"]
[EventCountry "GER"]
[EventRounds "7"]
[EventType "team-swiss"]
[EventDate "2023.12.26"]

1. e4 {[%clk 01:30:59]} {[%emt 00:00:01]} e5 {[%clk 01:30:53]} {[%emt
00:00:06]} 2. Nf3 {[%clk 01:31:24]} {[%emt 00:00:05]} Nc6 {[%clk 01:31:09]}
{[%emt 00:00:15]} 3. Bc4 {[%clk 01:31:49]} {[%emt 00:00:05]} Bc5 {[%clk
01:31:24]} {[%emt 00:00:15]} 4. d3 {[%clk 01:31:56]} {[%emt 00:00:23]} h6
{[%clk 01:31:06]} {[%emt 00:00:47]} 5. Nc3 {[%clk 01:32:19]} {[%emt 00:00:08]}
Nf6 {[%clk 01:30:44]} {[%emt 00:00:52]} 6. O-O {[%clk 01:32:40]} {[%emt
00:00:10]} d6 {[%clk 01:30:38]} {[%emt 00:00:34]} 7. h3 {[%clk 01:32:59]}
{[%emt 00:00:07]} O-O {[%clk 01:30:49]} {[%emt 00:00:23]} 8. Be3 {[%clk
01:33:19]} {[%emt 00:00:10]} Bxe3 {[%clk 01:29:02]} {[%emt 00:02:17]} 9. fxe3
{[%clk 01:33:36]} {[%emt 00:00:13]} Qe7 {[%clk 01:28:41]} {[%emt 00:00:51]} 10.
d4 {[%clk 01:33:31]} {[%emt 00:00:36]} Be6 {[%clk 01:26:24]} {[%emt 00:02:47]}
11. d5 {[%clk 01:33:50]} {[%emt 00:00:10]} Na5 {[%clk 01:26:16]} {[%emt
00:00:38]} 12. dxe6 {[%clk 01:33:18]} {[%emt 00:01:01]} Nxc4 {[%clk 01:26:32]}
{[%emt 00:00:15]} 13. exf7+ {[%clk 01:33:27]} {[%emt 00:00:20]} Qxf7 {[%clk
01:26:08]} {[%emt 00:00:54]} 14. Re1 {[%clk 01:33:31]} {[%emt 00:00:28]} Nxb2
{[%clk 01:25:59]} {[%emt 00:00:36]} 15. Qc1 {[%clk 01:33:08]} {[%emt 00:00:54]}
Nc4 {[%clk 01:25:07]} {[%emt 00:01:24]} 16. Rb1 {[%clk 01:32:22]} {[%emt
00:01:15]} Rab8 {[%clk 01:21:48]} {[%emt 00:03:48]} 17. Rd1 {[%clk 01:30:38]}
{[%emt 00:02:14]} Qg6 {[%clk 01:17:57]} {[%emt 00:04:22]} 18. Rb4 {[%clk
01:28:57]} {[%emt 00:02:12]} Nb6 {[%clk 01:15:13]} {[%emt 00:03:12]} 19. Qb2
{[%clk 01:28:27]} {[%emt 00:01:01]} a5 {[%clk 01:12:06]} {[%emt 00:03:38]} 20.
Rb5 {[%clk 01:28:32]} {[%emt 00:00:22]} Nxe4 {[%clk 01:11:03]} {[%emt
00:01:35]} 21. Nd5 {[%clk 01:28:05]} {[%emt 00:00:58]} Nxd5 {[%clk 01:10:15]}
{[%emt 00:01:15]} 22. Rbxd5 {[%clk 01:27:36]} {[%emt 00:01:01]} Rxf3 {[%clk
01:05:12]} {[%emt 00:05:33]} 23. Qb1 {[%clk 01:27:37]} Nc3 {[%clk 01:04:07]}
24. Rxa5 {[%clk 01:27:48]} Kh7 {[%clk 01:02:24]} {[%emt 00:02:31]} 25. Qb3
{[%clk 01:28:00]} Rxh3 {[%clk 01:00:08]} 26. Qxc3 {[%clk 01:25:56]} Rg3 {[%clk
00:56:12]} {[%emt 00:07:00]} 27. Rd2 {[%clk 01:26:08]} Rf8 {[%clk 00:54:38]}
28. Qxc7 {[%clk 01:24:19]} Qf5 {[%clk 00:54:11]} 29. Qxb7 {[%clk 01:24:02]} Qe4
{[%clk 00:50:54]} {[%emt 00:04:34]} 30. Qb1 {[%clk 01:19:37]} Qxe3+ {[%clk
00:50:20]} {[%emt 00:05:59]} 31. Ra6 {[%clk 00:00:00]} {[%emt 00:00:30]} *

[Event "DVM U12w 2023"]
[Site "Magdeburg GER"]
[Date "2023.12.28"]
[Round "3"]
[White "Scharfenberg, Leah"]
[Black "Rempel, Katharina"]
[Result "0-1"]
[Termination "normal"]
[Board "5.4"]
[WhiteElo "755"]
[BlackElo "867"]
[WhiteClock "01:23:02"]
[BlackClock "01:23:14"]
[WhiteTeam "SG Porz"]
[BlackTeam "SV Empor Erfurt"]
[PlyCount "122"]
[WhiteFideId "34682562"]
[BlackFideId "34682643"]
[EventCountry "GER"]
[EventRounds "7"]
[EventType "team-swiss"]
[EventDate "2023.12.26"]

1. e4 {[%emt 00:00:06]} e5 {[%clk 01:30:53]} {[%emt 00:00:04]} 2. Nf3 {[%clk
01:31:22]} {[%emt 00:00:06]} Nc6 {[%clk 01:31:15]} {[%emt 00:00:08]} 3. d4
{[%clk 01:31:46]} {[%emt 00:00:05]} d6 {[%clk 01:30:47]} {[%emt 00:00:57]} 4.
dxe5 {[%clk 01:29:06]} {[%emt 00:03:11]} dxe5 {[%clk 01:31:01]} {[%emt
00:00:17]} 5. Qxd8+ {[%clk 01:29:28]} {[%emt 00:00:08]} Nxd8 {[%emt 00:00:12]}
6. Nxe5 {[%emt 00:00:10]} Bc5 {[%clk 01:30:38]} {[%emt 00:00:30]} 7. Bc4 {[%clk
01:29:36]} {[%emt 00:00:24]} Nf6 {[%clk 01:30:28]} {[%emt 00:00:39]} 8. O-O
{[%clk 01:29:47]} {[%emt 00:00:19]} Nc6 {[%clk 01:29:17]} {[%emt 00:01:38]} 9.
Nxf7 {[%clk 01:28:22]} {[%emt 00:01:58]} Rf8 {[%clk 01:29:07]} {[%emt
00:00:37]} 10. Ng5 {[%clk 01:28:19]} {[%emt 00:00:37]} Nd4 {[%clk 01:28:22]}
{[%emt 00:01:15]} 11. Nc3 {[%clk 01:28:01]} {[%emt 00:00:48]} Nxc2 {[%clk
01:28:30]} {[%emt 00:00:23]} 12. Rb1 {[%clk 01:28:14]} {[%emt 00:00:16]} Bd7
{[%clk 01:28:23]} {[%emt 00:00:36]} 13. Bf4 {[%clk 01:28:09]} {[%emt 00:00:35]}
O-O-O {[%clk 01:26:58]} {[%emt 00:01:57]} 14. e5 {[%clk 01:27:48]} {[%emt
00:00:52]} Ng4 {[%clk 01:26:22]} {[%emt 00:01:04]} 15. Bg3 {[%clk 01:24:16]}
{[%emt 00:04:02]} Bc6 {[%clk 01:23:14]} {[%emt 00:03:39]} 16. Ne6 {[%emt
00:01:44]} Rfe8 17. Nxd8 Rxd8 18. Be6+ Bd7 19. Bxg4 Bxg4 20. Bh4 Rd2 21. Rbc1
Nb4 22. Rce1 Nd3 23. Re4 Bf5 24. e6 Bxe4 25. Nxe4 Rc2 26. e7 Kd7 27. Rd1 Bxe7
28. Rxd3+ Ke8 29. Bxe7 Kxe7 30. g4 Rxb2 31. Ng5 Rxa2 32. Re3+ Kd7 33. Rf3 Ra1+
34. Kg2 a5 35. Rf7+ Kc6 36. Rxg7 a4 37. Rxh7 a3 38. Rh6+ Kb5 39. Ne4 a2 40. g5
{[%clk 01:23:02]} Rb1 41. Nc3+ {[%clk 01:23:02]} Kc4 42. Nxb1 {[%clk 01:23:02]}
a1=Q 43. Nd2+ {[%clk 01:23:02]} Kc3 44. Ne4+ {[%clk 01:23:02]} Kb4 45. g6
{[%clk 01:23:02]} Qg7 46. Rh3 {[%clk 01:23:02]} Qxg6+ 47. Ng3 {[%clk 01:23:02]}
c5 48. Rh4+ {[%clk 01:23:02]} Kb5 49. Rf4 {[%clk 01:23:02]} c4 50. h4 {[%clk
01:23:02]} c3 51. h5 {[%clk 01:23:02]} Qc6+ 52. Rh4 {[%clk 01:23:02]} c2+ 53.
f3 {[%clk 01:23:02]} c1=Q 54. Rh1 {[%clk 01:23:02]} Q6c2+ 55. Kh3 {[%clk
01:23:02]} Qe3 56. Rh2 {[%clk 01:23:02]} Qcd3 57. Re2 {[%clk 01:23:02]} Qxf3
58. Rb2+ {[%clk 01:23:02]} Kc5 59. Rg2 {[%clk 01:23:02]} Qde3 60. Kh2 {[%clk
01:23:02]} Qg4 61. h6 {[%clk 01:23:02]} Qh4# 1-0

[Event "DVM U12w 2023"]
[Site "Magdeburg GER"]
[Date "2023.12.28"]
[Round "4"]
[White "Leicher, Anna"]
[Black "Briese, Sophie"]
[Result "0-1"]
[Termination "normal"]
[Board "5.1"]
[WhiteElo "1279"]
[BlackElo "1207"]
[WhiteTeam "FC Bayern München"]
[BlackTeam "SAV Torgelow-Drögeheide 90"]
[WhiteFideId "34614966"]
[BlackFideId "34660305"]
[EventCountry "GER"]
[EventRounds "7"]
[EventType "team-swiss"]
[EventDate "2023.12.26"]

1. e4 {[%clk 01:30:57]} {[%emt 00:00:02]} e5 {[%clk 01:30:56]} {[%emt
00:00:05]} 2. Nf3 {[%clk 01:31:20]} {[%emt 00:00:06]} Nc6 {[%clk 01:31:22]}
{[%emt 00:00:05]} 3. Bc4 {[%clk 01:31:44]} {[%emt 00:00:06]} Bc5 {[%clk
01:31:44]} {[%emt 00:00:07]} 4. c3 {[%clk 01:32:09]} {[%emt 00:00:05]} d6
{[%clk 01:30:29]} {[%emt 00:01:46]} 5. d4 {[%clk 01:31:26]} {[%emt 00:01:13]}
Bb6 {[%clk 01:29:52]} {[%emt 00:01:07]} 6. dxe5 {[%clk 01:30:59]} {[%emt
00:00:53]} dxe5 {[%clk 01:27:54]} {[%emt 00:02:31]} 7. Qxd8+ {[%clk 01:31:16]}
{[%emt 00:00:11]} Kxd8 {[%clk 01:27:56]} {[%emt 00:00:29]} 8. Bxf7 {[%clk
01:30:27]} {[%emt 00:01:17]} Nf6 {[%clk 01:25:59]} {[%emt 00:02:28]} 9. Bd5
{[%clk 01:29:34]} {[%emt 00:01:23]} Rf8 {[%clk 01:24:09]} {[%emt 00:02:07]} 10.
O-O {[%clk 01:28:55]} {[%emt 00:01:24]} Bg4 {[%clk 01:22:44]} {[%emt 00:01:53]}
11. Bg5 {[%clk 01:26:59]} {[%emt 00:02:27]} h6 {[%clk 01:20:46]} {[%emt
00:02:27]} 12. Bxf6+ {[%clk 01:27:17]} {[%emt 00:00:12]} Rxf6 {[%clk 01:20:39]}
{[%emt 00:00:39]} 13. Nbd2 {[%clk 01:27:26]} {[%emt 00:00:20]} Kd7 {[%clk
01:16:44]} {[%emt 00:04:16]} 14. Bxc6+ {[%clk 01:27:48]} {[%emt 00:00:17]} Rxc6
{[%clk 01:17:02]} {[%emt 00:00:12]} 15. Nxe5+ {[%clk 01:28:12]} {[%emt
00:00:05]} Ke8 {[%clk 01:16:20]} {[%emt 00:01:05]} 16. Nxg4 {[%clk 01:27:42]}
{[%emt 00:01:09]} Rd8 {[%clk 01:14:56]} {[%emt 00:01:52]} 17. Nb3 {[%clk
01:24:44]} {[%emt 00:03:30]} h5 {[%clk 01:12:27]} {[%emt 00:02:58]} 18. Ne5
{[%clk 01:23:10]} {[%emt 00:02:04]} Re6 {[%clk 01:11:31]} {[%emt 00:01:22]} 19.
Nc4 {[%clk 01:23:21]} {[%emt 00:00:24]} Rxe4 {[%clk 01:09:59]} {[%emt
00:02:02]} 20. Rfe1 {[%clk 01:23:34]} {[%emt 00:00:16]} Rxe1+ {[%clk 01:09:41]}
{[%emt 00:00:48]} 21. Rxe1+ {[%clk 01:23:57]} {[%emt 00:00:06]} Kf8 {[%clk
01:09:58]} {[%emt 00:00:14]} 22. Nxb6 {[%clk 01:24:07]} {[%emt 00:00:20]} axb6
{[%clk 01:10:18]} {[%emt 00:00:11]} 23. Nd4 {[%clk 01:24:23]} {[%emt 00:00:13]}
Rd6 {[%clk 01:09:45]} {[%emt 00:01:03]} 24. Re5 {[%clk 01:23:56]} {[%emt
00:00:57]} c5 {[%clk 01:09:43]} {[%emt 00:00:32]} 25. Ne6+ {[%clk 01:23:48]}
{[%emt 00:00:39]} Kg8 {[%clk 01:09:44]} {[%emt 00:00:28]} 26. g3 {[%clk
01:23:53]} {[%emt 00:00:25]} Kf7 {[%clk 01:08:59]} {[%emt 00:01:17]} 27. Nf4
{[%clk 01:23:56]} {[%emt 00:00:25]} g6 {[%clk 01:08:49]} {[%emt 00:00:39]} 28.
Rd5 {[%clk 01:23:09]} {[%emt 00:01:20]} Rxd5 {[%clk 01:07:44]} {[%emt
00:01:34]} 29. Nxd5 {[%clk 01:23:28]} {[%emt 00:00:08]} b5 {[%clk 01:07:47]}
{[%emt 00:00:30]} 30. Nc7 {[%clk 01:23:45]} {[%emt 00:00:13]} b4 {[%clk
01:07:14]} {[%emt 00:01:02]} 31. cxb4 {[%clk 01:24:04]} {[%emt 00:00:10]} cxb4
{[%clk 01:07:40]} {[%emt 00:00:07]} 32. Nd5 {[%clk 01:24:26]} {[%emt 00:00:06]}
Ke8 {[%clk 01:07:44]} {[%emt 00:00:26]} 33. Nxb4 {[%clk 01:24:41]} {[%emt
00:00:14]} b6 {[%clk 01:07:57]} {[%emt 00:00:18]} 34. Nd5 {[%clk 01:24:58]}
{[%emt 00:00:14]} b5 {[%clk 01:07:49]} {[%emt 00:00:38]} 35. Nc7+ {[%clk
01:25:15]} {[%emt 00:00:11]} Kd8 {[%clk 01:08:12]} {[%emt 00:00:09]} 36. Nxb5
{[%clk 01:25:32]} {[%emt 00:00:10]} Kc8 {[%clk 01:08:38]} {[%emt 00:00:06]} 37.
a4 {[%clk 01:25:54]} {[%emt 00:00:09]} Kb8 {[%clk 01:09:03]} {[%emt 00:00:05]}
38. b4 {[%clk 01:26:08]} {[%emt 00:00:17]} Kc8 {[%clk 01:09:26]} {[%emt
00:00:06]} 39. Kg2 {[%clk 01:26:05]} {[%emt 00:00:33]} Kd8 {[%clk 01:09:44]}
{[%emt 00:00:13]} 40. Kf3 {[%clk 01:26:25]} {[%emt 00:00:10]} g5 {[%clk
01:10:01]} {[%emt 00:00:12]} 41. h4 {[%clk 01:26:36]} {[%emt 00:00:19]} g4+
{[%clk 01:10:15]} {[%emt 00:00:16]} 42. Kf4 {[%clk 01:26:59]} {[%emt 00:00:09]}
Ke7 {[%clk 01:10:34]} {[%emt 00:00:11]} 43. a5 {[%clk 01:27:10]} {[%emt
00:00:18]} Kd7 {[%clk 01:10:51]} {[%emt 00:00:15]} 44. a6 {[%clk 01:27:05]}
{[%emt 00:00:34]} Kc8 {[%clk 01:11:14]} {[%emt 00:00:06]} 45. Nd4 {[%clk
01:27:05]} {[%emt 00:00:30]} Kb8 {[%clk 01:11:35]} {[%emt 00:00:09]} 46. b5
{[%clk 01:27:04]} {[%emt 00:00:31]} Ka7 {[%clk 01:11:43]} {[%emt 00:00:22]} 47.
Kg5 {[%clk 01:27:07]} {[%emt 00:00:26]} Kb8 {[%clk 01:12:08]} {[%emt 00:00:06]}
48. b6 {[%clk 01:27:11]} {[%emt 00:00:26]} Ka8 {[%clk 01:12:26]} {[%emt
00:00:12]} 49. b7+ {[%clk 01:27:20]} {[%emt 00:00:21]} Ka7 {[%clk 01:12:50]}
{[%emt 00:00:05]} 50. Nc6+ {[%clk 01:27:34]} {[%emt 00:00:16]} Kxa6 {[%clk
01:13:03]} {[%emt 00:00:16]} 51. Na5 {[%clk 01:27:36]} {[%emt 00:00:28]} Ka7
{[%clk 01:13:21]} {[%emt 00:00:12]} 52. Kxh5 {[%clk 01:27:57]} {[%emt
00:00:07]} Kb8 {[%clk 01:13:29]} {[%emt 00:00:25]} 53. Kxg4 {[%clk 01:28:10]}
{[%emt 00:00:14]} Kc7 {[%clk 01:13:53]} {[%emt 00:00:09]} 54. h5 {[%clk
01:28:26]} {[%emt 00:00:14]} Kb8 {[%clk 01:14:20]} {[%emt 00:00:03]} 55. h6
{[%clk 01:28:47]} {[%emt 00:00:09]} Kc7 {[%clk 01:14:47]} {[%emt 00:00:04]} 56.
h7 {[%clk 01:28:38]} {[%emt 00:00:38]} Kb8 {[%clk 01:14:56]} {[%emt 00:00:25]}
57. h8=Q+ {[%clk 01:28:50]} {[%emt 00:00:16]} Kc7 {[%clk 01:15:20]} {[%emt
00:00:05]} 58. Qc3+ {[%clk 01:28:38]} {[%emt 00:00:40]} Kd7 {[%clk 01:15:36]}
{[%emt 00:00:14]} 59. Qe5 {[%clk 01:28:36]} {[%emt 00:00:29]} Kd8 {[%clk
01:15:46]} {[%emt 00:00:20]} 60. b8=Q+ {[%clk 01:27:34]} {[%emt 00:01:36]} Kd7
{[%clk 01:16:06]} {[%emt 00:00:10]} 61. Qbc7# {[%clk 01:27:49]} {[%emt
00:01:27]} 1-0

[Event "DVM U12w 2023"]
[Site "Magdeburg GER"]
[Date "2023.12.29"]
[Round "6"]
[White "Oschinski, Mathilda"]
[Black "Schmidt Guevara, Daniela"]
[Result "0-1"]
[Termination "normal"]
[Board "7.2"]
[WhiteElo "1155"]
[BlackElo "1083"]
[WhiteClock "00:44:40"]
[BlackClock "01:10:28"]
[WhiteTeam "SV Empor Erfurt"]
[BlackTeam "SK Freiburg-Zähringen 1887"]
[PlyCount "188"]
[WhiteFideId "34682619"]
[BlackFideId "34682570"]
[EventCountry "GER"]
[EventRounds "7"]
[EventType "team-swiss"]
[EventDate "2023.12.26"]

1. d4 {[%clk 01:30:58]} {[%emt 00:00:02]} d5 {[%clk 01:30:53]} {[%emt
00:00:07]} 2. Nc3 {[%clk 01:31:21]} {[%emt 00:00:06]} Nf6 {[%clk 01:31:15]}
{[%emt 00:00:08]} 3. Bf4 {[%clk 01:31:46]} {[%emt 00:00:06]} Bf5 {[%clk
01:31:27]} {[%emt 00:00:18]} 4. f3 {[%clk 01:32:06]} {[%emt 00:00:09]} Nc6
{[%clk 01:31:27]} {[%emt 00:00:31]} 5. g4 {[%clk 01:32:21]} {[%emt 00:00:16]}
Bg6 {[%clk 01:30:59]} {[%emt 00:00:57]} 6. h4 {[%clk 01:32:41]} {[%emt
00:00:08]} h6 {[%clk 01:30:57]} {[%emt 00:00:33]} 7. e3 {[%clk 01:32:56]}
{[%emt 00:00:15]} e6 {[%clk 01:31:03]} {[%emt 00:00:25]} 8. Bd3 {[%clk
01:33:15]} {[%emt 00:00:11]} Bh7 {[%clk 01:30:43]} {[%emt 00:00:50]} 9. Bxh7
{[%clk 01:33:09]} {[%emt 00:00:36]} Nxh7 {[%clk 01:30:45]} {[%emt 00:00:28]}
10. Qd2 {[%clk 01:33:10]} {[%emt 00:00:30]} Bb4 {[%clk 01:29:51]} {[%emt
00:01:24]} 11. Nge2 {[%clk 01:32:38]} {[%emt 00:01:03]} Qe7 {[%clk 01:28:53]}
{[%emt 00:01:27]} 12. O-O-O {[%clk 01:32:01]} {[%emt 00:01:07]} O-O-O {[%clk
01:28:54]} {[%emt 00:00:28]} 13. Qd3 {[%clk 01:30:35]} {[%emt 00:01:54]} a6
{[%clk 01:27:57]} {[%emt 00:01:30]} 14. Na4 {[%clk 01:22:28]} {[%emt 00:08:36]}
Ba5 {[%clk 01:26:47]} {[%emt 00:01:40]} 15. Nc5 {[%clk 01:19:38]} {[%emt
00:03:20]} Bb6 {[%clk 01:26:14]} {[%emt 00:01:02]} 16. Qc3 {[%clk 01:19:11]}
{[%emt 00:00:57]} Bxc5 {[%clk 01:25:56]} {[%emt 00:00:49]} 17. Qxc5 {[%clk
01:19:06]} {[%emt 00:00:36]} Qxc5 {[%clk 01:26:16]} {[%emt 00:00:09]} 18. dxc5
{[%clk 01:19:30]} {[%emt 00:00:06]} e5 {[%clk 01:25:35]} {[%emt 00:01:10]} 19.
Bg3 {[%clk 01:18:46]} {[%emt 00:01:13]} Rhe8 {[%clk 01:24:13]} {[%emt
00:01:52]} 20. f4 {[%clk 01:13:10]} {[%emt 00:06:08]} exf4 {[%clk 01:21:54]}
{[%emt 00:02:49]} 21. Bxf4 {[%clk 01:12:34]} {[%emt 00:01:06]} Nf6 {[%clk
01:19:18]} {[%emt 00:03:06]} 22. Nc3 {[%clk 01:08:33]} {[%emt 00:04:30]} Ne4
{[%clk 01:18:28]} {[%emt 00:01:20]} 23. Nxe4 {[%clk 01:07:16]} {[%emt
00:01:47]} Rxe4 {[%clk 01:18:33]} {[%emt 00:00:25]} 24. g5 {[%clk 01:05:40]}
{[%emt 00:02:06]} h5 {[%clk 01:18:18]} {[%emt 00:00:47]} 25. gxh6 {[%clk
01:04:49]} {[%emt 00:01:19]} gxh6 {[%clk 01:17:38]} {[%emt 00:01:10]} 26. Bxh6
{[%clk 01:04:19]} {[%emt 00:01:01]} d4 {[%clk 01:15:56]} {[%emt 00:02:13]} 27.
Rh3 {[%clk 00:54:42]} {[%emt 00:10:05]} dxe3 {[%clk 01:15:07]} {[%emt
00:01:19]} 28. Rxd8+ {[%clk 00:54:30]} {[%emt 00:00:43]} Nxd8 {[%clk 01:15:23]}
{[%emt 00:00:13]} 29. Bxe3 {[%clk 00:53:30]} {[%emt 00:01:30]} f5 {[%clk
01:14:28]} {[%emt 00:01:25]} 30. h5 {[%clk 00:50:31]} {[%emt 00:03:29]} f4
{[%clk 01:13:28]} {[%emt 00:01:30]} 31. Bd2 {[%clk 00:49:13]} {[%emt 00:01:49]}
f3 {[%clk 01:09:28]} {[%emt 00:04:30]} 32. Rxf3 {[%clk 00:47:35]} {[%emt
00:02:09]} Rh4 {[%clk 01:08:49]} {[%emt 00:01:08]} 33. c4 {[%clk 00:46:18]}
{[%emt 00:01:48]} Rxh5 {[%clk 01:08:08]} {[%emt 00:01:11]} 34. b4 {[%clk
00:46:12]} {[%emt 00:00:36]} Ne6 {[%clk 01:07:07]} {[%emt 00:01:31]} 35. Be3
{[%clk 00:44:23]} {[%emt 00:02:17]} Rh1+ {[%clk 01:05:14]} {[%emt 00:02:24]}
36. Kc2 {[%clk 00:43:15]} {[%emt 00:01:39]} Rh2+ {[%clk 01:03:53]} {[%emt
00:01:51]} 37. Kb3 {[%clk 00:42:01]} {[%emt 00:01:44]} Nd8 {[%clk 01:01:48]}
{[%emt 00:02:35]} 38. a4 {[%clk 00:40:58]} {[%emt 00:01:33]} c6 {[%clk
01:00:17]} {[%emt 00:02:02]} 39. Bf4 {[%clk 00:39:27]} {[%emt 00:02:00]} Rh4
{[%clk 00:59:35]} {[%emt 00:01:12]} 40. b5 {[%clk 00:38:15]} {[%emt 00:01:42]}
a5 {[%clk 00:59:25]} {[%emt 00:00:41]} 41. Bd2 {[%clk 00:37:33]} {[%emt
00:01:11]} Ne6 {[%clk 00:58:54]} {[%emt 00:01:01]} 42. Bxa5 {[%clk 00:35:28]}
{[%emt 00:02:35]} Nd4+ {[%clk 00:59:06]} {[%emt 00:00:18]} 43. Kb4 {[%clk
00:34:42]} {[%emt 00:01:16]} Nxf3 {[%clk 00:59:26]} {[%emt 00:00:10]} 44. bxc6
{[%clk 00:33:45]} {[%emt 00:01:28]} bxc6 {[%clk 00:59:43]} {[%emt 00:00:13]}
45. Bb6 {[%clk 00:33:36]} {[%emt 00:00:39]} Nd2 {[%clk 00:59:45]} {[%emt
00:00:28]} 46. Kc3 {[%clk 00:32:03]} {[%emt 00:02:02]} Nxc4 {[%clk 00:59:48]}
{[%emt 00:00:28]} 47. a5 {[%clk 00:31:17]} {[%emt 00:01:16]} Nxb6 {[%clk
00:58:38]} {[%emt 00:01:39]} 48. cxb6 {[%clk 00:31:32]} {[%emt 00:00:16]} Kb7
{[%clk 00:58:48]} {[%emt 00:00:20]} 49. Kb3 {[%clk 00:30:03]} {[%emt 00:01:59]}
c5 {[%clk 00:58:46]} {[%emt 00:00:32]} 50. Kc3 {[%clk 00:29:48]} {[%emt
00:00:45]} Ka6 {[%clk 00:58:41]} {[%emt 00:00:35]} 51. Kb3 {[%clk 00:30:01]}
{[%emt 00:00:17]} Kxa5 {[%clk 00:58:53]} {[%emt 00:00:18]} 52. b7 {[%clk
00:30:07]} {[%emt 00:00:23]} Rh8 {[%clk 00:59:15]} {[%emt 00:00:09]} 53. Kc4
{[%clk 00:30:29]} {[%emt 00:00:09]} Kb6 {[%clk 00:59:17]} {[%emt 00:00:28]} 54.
Kd5 {[%clk 00:30:46]} {[%emt 00:00:12]} Kxb7 {[%clk 00:59:10]} {[%emt
00:00:37]} 55. Kxc5 {[%clk 00:31:08]} {[%emt 00:00:08]} Rh6 {[%clk 00:59:20]}
{[%emt 00:00:20]} 56. Kd5 {[%clk 00:31:20]} {[%emt 00:00:19]} Kc7 {[%clk
00:59:28]} {[%emt 00:00:21]} 57. Ke5 {[%clk 00:31:43]} {[%emt 00:00:06]} Kd7
{[%clk 00:59:37]} {[%emt 00:00:21]} 58. Kf5 {[%clk 00:32:07]} {[%emt 00:00:07]}
Ke7 {[%clk 00:59:47]} {[%emt 00:00:20]} 59. Kg5 {[%clk 00:32:31]} {[%emt
00:00:05]} Rc6 {[%clk 00:59:54]} {[%emt 00:00:22]} 60. Kf5 {[%clk 00:32:47]}
{[%emt 00:00:14]} Rb6 {[%clk 01:00:04]} {[%emt 00:00:21]} 61. Kg5 {[%clk
00:32:16]} {[%emt 00:01:02]} Kf7 {[%clk 01:00:18]} {[%emt 00:00:16]} 62. Kh5
{[%clk 00:32:39]} {[%emt 00:00:06]} Kg7 {[%clk 01:00:38]} {[%emt 00:00:11]} 63.
Kg5 {[%clk 00:32:59]} {[%emt 00:00:10]} Rb5+ {[%clk 01:00:56]} {[%emt
00:00:12]} 64. Kf4 {[%clk 00:33:26]} {[%emt 00:00:02]} Kf6 {[%clk 01:01:05]}
{[%emt 00:00:22]} 65. Ke4 {[%clk 00:33:52]} {[%emt 00:00:05]} Rh5 {[%clk
01:01:16]} {[%emt 00:00:18]} 66. Kf3 {[%clk 00:33:36]} {[%emt 00:00:46]} Rh4
{[%clk 01:01:30]} {[%emt 00:00:15]} 67. Kg3 {[%clk 00:34:02]} {[%emt 00:00:05]}
Kg5 {[%clk 01:01:14]} {[%emt 00:00:47]} 68. Kf3 {[%clk 00:34:24]} {[%emt
00:00:07]} Rg4 {[%clk 01:01:16]} {[%emt 00:00:28]} 69. Ke3 {[%clk 00:34:35]}
{[%emt 00:00:19]} Kf5 {[%clk 01:01:37]} {[%emt 00:00:08]} 70. Kf3 {[%clk
00:34:53]} {[%emt 00:00:12]} Ra4 {[%clk 01:01:47]} {[%emt 00:00:21]} 71. Ke3
{[%clk 00:35:15]} {[%emt 00:00:08]} Rh4 {[%clk 01:02:03]} {[%emt 00:00:14]} 72.
Kd3 {[%clk 00:35:35]} {[%emt 00:00:10]} Ke5 {[%clk 01:02:25]} {[%emt 00:00:09]}
73. Kc3 {[%clk 00:36:01]} {[%emt 00:00:04]} Kd5 {[%clk 01:02:48]} {[%emt
00:00:07]} 74. Kb3 {[%clk 00:36:25]} {[%emt 00:00:06]} Kc5 {[%clk 01:03:11]}
{[%emt 00:00:07]} 75. Ka3 {[%clk 00:36:50]} {[%emt 00:00:05]} Kb5 {[%clk
01:03:34]} {[%emt 00:00:09]} 76. Kb3 {[%clk 00:37:06]} {[%emt 00:00:13]} Rh3+
{[%clk 01:03:54]} {[%emt 00:00:08]} 77. Kc2 {[%clk 00:37:29]} {[%emt 00:00:08]}
Kb4 {[%clk 01:04:05]} {[%emt 00:00:19]} 78. Kd2 {[%clk 00:37:52]} {[%emt
00:00:08]} Kc4 {[%clk 01:04:28]} {[%emt 00:00:07]} 79. Ke2 {[%clk 00:38:17]}
{[%emt 00:00:06]} Kd4 {[%clk 01:04:50]} {[%emt 00:00:07]} 80. Kf2 {[%clk
00:38:42]} {[%emt 00:00:04]} Ke4 {[%clk 01:05:11]} {[%emt 00:00:09]} 81. Kg2
{[%clk 00:39:08]} {[%emt 00:00:04]} Rb3 {[%clk 01:05:33]} {[%emt 00:00:09]} 82.
Kf2 {[%clk 00:39:29]} {[%emt 00:00:09]} Ra3 {[%clk 01:05:56]} {[%emt 00:00:07]}
83. Kg2 {[%clk 00:39:54]} {[%emt 00:00:05]} Kf4 {[%clk 01:06:19]} {[%emt
00:00:07]} 84. Kh2 {[%clk 00:40:20]} {[%emt 00:00:03]} Kg4 {[%clk 01:06:43]}
{[%emt 00:00:06]} 85. Kg2 {[%clk 00:40:45]} {[%emt 00:00:06]} Ra2+ {[%clk
01:07:08]} {[%emt 00:00:05]} 86. Kf1 {[%clk 00:41:08]} {[%emt 00:00:06]} Kg3
{[%clk 01:07:26]} {[%emt 00:00:12]} 87. Ke1 {[%clk 00:41:33]} {[%emt 00:00:05]}
Kf3 {[%clk 01:07:49]} {[%emt 00:00:07]} 88. Kd1 {[%clk 00:42:02]} {[%emt
00:00:02]} Ke3 {[%clk 01:08:11]} {[%emt 00:00:08]} 89. Kc1 {[%clk 00:42:32]}
Kd3 {[%clk 01:08:32]} {[%emt 00:00:09]} 90. Kb1 {[%clk 00:42:58]} {[%emt
00:00:04]} Rg2 {[%clk 01:08:55]} {[%emt 00:00:06]} 91. Kc1 {[%clk 00:43:19]}
{[%emt 00:00:10]} Rh2 {[%clk 01:09:18]} {[%emt 00:00:06]} 92. Kb1 {[%clk
00:43:47]} {[%emt 00:00:02]} Kc3 {[%clk 01:09:41]} {[%emt 00:00:07]} 93. Ka1
{[%clk 00:44:15]} {[%emt 00:00:03]} Kb3 {[%clk 01:10:04]} {[%emt 00:00:06]} 94.
Kb1 {[%clk 00:44:40]} {[%emt 00:00:06]} Rh1# {[%clk 01:10:28]} {[%emt
00:00:05]} 0-1